00461 2200169 4500001002100000005001500021008004100036020001800077035001900095041000700114082001000121090001600131100004000147245004300187260003500230300002600265INLIS00000000000011420241224112123241224||||||||| | ||| |||| || |  a979-426-387-7 0010-1224000114 aid0 a332.6 a332.6 PUR m0 aM. Ngalim Purwanto dan Djeniah Alim00aMetodologi Pengajaran Bahasa Indonesia aJakartabRosda Jayaputrac1997 aviii, 104 hlm.; 24 cm